000 00574nam a2200193Ia 4500
005 20250508161736.0
008 008 250505s9999 xx 000 0 eng d
037 _aTextual
040 _aFEDL
_beng
_cFEDL
041 _aeng
_2eng
084 _a378, LLO
_qFEDL
100 _aLloyd-Jones Esther McD
_9771476
245 0 _aStudent personnel program for higher edcation
260 _aNew York, USA
_bMcGraw Hill Book Company Inc
_c1938
300 _ax,322p
700 _a Smith Margaret Ruth
_9771477
942 _cTEXL
_h378, LLO
999 _c1371830
_d1371830